|
|
|
|
| LEADER |
00000nam0a2200000 4500 |
| 001 |
266501 |
| 005 |
20231101234015.0 |
| 035 |
|
|
|a (RuTPU)RU\TPU\book\289521
|
| 090 |
|
|
|a 266501
|
| 100 |
|
|
|a 20140709d1986 k y0rusy50 ca
|
| 101 |
0 |
|
|a rus
|
| 102 |
|
|
|a RU
|
| 105 |
|
|
|a a z 001zy
|
| 200 |
1 |
|
|a Атлас структур порошковых материалов на основе железа
|f Т. А. Пумпянская, В. Я. Буланов, В. Г. Зырянов
|g Академия наук СССР (АН СССР), Уральский научный центр (УНЦ), Институт металлургии ; под ред. Н. А. Ватолина ; Б. М. Лепинских
|
| 210 |
|
|
|a Москва
|c Наука
|d 1986
|
| 215 |
|
|
|a 264 с.
|c ил.
|
| 320 |
|
|
|a Библиогр.: с. 256-262.
|
| 606 |
1 |
|
|a Порошковые материалы конструкционные
|2 stltpush
|3 (RuTPU)RU\TPU\subj\50866
|9 69496
|
| 610 |
1 |
|
|a структура
|
| 610 |
1 |
|
|a изломы
|
| 610 |
1 |
|
|a исследование
|
| 610 |
1 |
|
|a микрофрактография
|
| 610 |
1 |
|
|a железные порошки
|
| 610 |
1 |
|
|a морфология
|
| 610 |
1 |
|
|a микроструктура
|
| 610 |
1 |
|
|a углеродистые стали
|
| 610 |
1 |
|
|a легированные стали
|
| 610 |
1 |
|
|a конструкционные стали
|
| 610 |
1 |
|
|a антифрикционные материалы
|
| 610 |
1 |
|
|a свойства
|
| 610 |
1 |
|
|a прогнозирование
|
| 675 |
|
|
|a 621.762
|v 3
|
| 700 |
|
1 |
|a Пумпянская
|b Т. А.
|g Тамара Ароновна
|
| 701 |
|
1 |
|a Буланов
|b В. Я.
|g Владимир Яковлевич
|
| 701 |
|
1 |
|a Зырянов
|b В. Г.
|g Виктор Григорьевич
|
| 702 |
|
1 |
|a Ватолин
|b Н. А.
|4 340
|
| 702 |
|
1 |
|a Лепинских
|b Б. М.
|4 340
|
| 712 |
0 |
2 |
|a Академия наук СССР (АН СССР)
|b Уральский научный центр (УНЦ)
|b Институт металлургии
|c (Свердловск)
|2 stltpush
|3 (RuTPU)RU\TPU\col\11568
|
| 801 |
|
1 |
|a RU
|b 63413507
|c 20140709
|
| 801 |
|
2 |
|a RU
|b 63413507
|c 20151020
|g RCR
|
| 942 |
|
|
|c BK
|